000 02242nam a2200397 a 4500
001 ebr10577884
003 CaPaEBR
006 m u
007 cr cn|||||||||
008 100706s2010 quc sb 001 0ceng d
010 _z 2010481011
020 _z077353668X
020 _z9780773536685
020 _z9780773582095 (e-book)
040 _aCaPaEBR
_cCaPaEBR
035 _a(OCoLC)767670894
043 _an-cnm--
045 _av9w5
050 1 4 _aBX6493
_b.G65 2010eb
082 0 4 _a286/.10922715
_222
100 1 _aGoodwin, Daniel C.
_q(Daniel Corey),
_d1962-
245 1 0 _aInto deep waters
_h[electronic resource] :
_bevangelical spirituality and maritime Calvinistic Baptist ministers, 1790-1855 /
_cDaniel C. Goodwin.
260 _aMontreal :
_bMcGill-Queen's University Press,
_c2010.
300 _axiv, 330 p.
490 1 _aMcGill-Queen's studies in the history of religion. Series two ;
_v54
504 _aIncludes bibliographical references (p. [297]-310) and index.
505 0 _aBaptismal practice, popular spirituality, and the formation of religious identity among maritime regular baptists -- Harris Harding : a keeper of radical evangelical piety -- Joseph Crandall : the Baptist Patriarch of New Brunswick -- Edward Manning and the search for a balanced evangelicalism -- To wage war against the Baptists : the maritime baptismal controversy, 1811-1848 -- Charles Tupper : the making of a formal evangelical -- Ingraham E. Bill : a son of the fathers -- Samuel Elder : a formal and genteel evangelical ministry -- The faith of the fathers.
533 _aElectronic reproduction.
_bPalo Alto, Calif. :
_cebrary,
_d2013.
_nAvailable via World Wide Web.
_nAccess may be limited to ebrary affiliated libraries.
650 0 _aBaptists
_zMaritime Provinces
_xHistory
_y19th century.
650 0 _aEvangelicalism
_zMaritime Provinces
_xHistory
_y19th century.
650 0 _aBaptists
_zMaritime Provinces
_xClergy
_vBiography.
655 7 _aElectronic books.
_2local
710 2 _aebrary, Inc.
830 0 _aMcGill-Queen's studies in the history of religion.
_nSeries two ;
_v54.
856 4 0 _uhttp://site.ebrary.com/lib/rucke/Doc?id=10577884
_zAn electronic book accessible through the World Wide Web; click to view
999 _c86890
_d86890